| 000 | 01549 am a2200409 i 4500 | ||
|---|---|---|---|
| 999 |
_c29109 _d29080 |
||
| 001 | 018803722 | ||
| 003 | EG-ScBUE | ||
| 005 | 20210426101012.0 | ||
| 008 | 180312r20172004enka f f 000 0 eng d | ||
| 020 | _a9781912217199 | ||
| 035 | _a(UkOxU)021141213 | ||
| 035 | _a(StEdALDL)1/3615656 | ||
| 040 |
_aUkOxU _beng _erda _cUkOxU _dEG-ScBUE |
||
| 041 | 1 |
_aeng _hfre |
|
| 082 | 0 | 4 |
_a738.142 _bDEL _222 |
| 100 | 1 |
_aDelpech, Jean-Pierre, _eauthor. |
|
| 240 | 1 | 0 |
_aGuide de moulage. _lEnglish |
| 245 | 1 | 4 |
_aThe mouldmaker's handbook / _cJean-Pierre Delpech, Marc-Andre Figueres. |
| 250 | _aReprinted edition. | ||
| 264 | 1 |
_aLondon : _bHerbert Press, _c2017. |
|
| 300 |
_a159 pages : _bcolour illustrations ; _c27 cm |
||
| 336 |
_atext _2rdacontent _btxt |
||
| 336 |
_astill image _2rdacontent _btxt |
||
| 337 |
_aunmediated _2rdamedia _bn |
||
| 338 |
_avolume _2rdacarrier _bnc |
||
| 500 | _a"First published in 2001 by Groupe Eyrolles as La Guide du Moulage"--Title page verso. | ||
| 500 | _a"English language edition first published in Great Britain in 2004"--Title page verso. | ||
| 500 | _a"Translation by Sasha Wardell"--Title page verso. | ||
| 546 | _aText in English ; translated from The original French language. | ||
| 650 | 7 |
_aModels and modelmaking _vHandbooks, manuals, etc. _2BUEsh |
|
| 650 | 7 |
_aMolding materials _vHandbooks, manuals, etc. _2BUEsh _96488 |
|
| 653 |
_bGGEN _cApril2021 |
||
| 655 |
_vReading book _934232 |
||
| 700 | 1 |
_aFigueres, Marc-André, _eauthor. |
|
| 700 | 1 |
_aWardell, Sasha, _etranslator. |
|
| 942 |
_2ddc _cBB |
||